000 00382nam a2200145Ia 4500
008 230917s9999||||xx |||||||||||||| ||und||
040 _e126832
_aMAIN
041 _aEnglish
082 _a005.1 K647S
100 _aKit, Edward
245 0 _aSoftware testing in the real world: Improving the process
260 _aDelhi
_bPearson Education
_c2001
300 _a252 p.
942 _cBK
999 _c112533
_d112533